Penyiasat tiga sekawan

Bibliographic Details
Main Author: Rejab F.I
Format: Book
Published: Kuala Lumpur : Jurus Prinsip , 2006
Series:Siri bacaan asas sastera
Subjects:

MARC

LEADER 00000cam a2200000 7i4500
001 0000000131
005 20151222.0
008 070628
020 |a 9833547443 
090 0 0 |a JF   |b MAL (402) 
100 0 |a Rejab F.I 
245 1 0 |a Penyiasat tiga sekawan   |c Rejab F.I 
260 |a Kuala Lumpur :   |b Jurus Prinsip ,   |c 2006 
440 |a Siri bacaan asas sastera 
500 |a Children ages 7-9 years old (orange) 
650 0 |a Junior fiction   |x Malay fiction 
999 |a 0000954095   |b Book   |c Children Collection   |e Cawangan Pontian 
999 |a 0000954096   |b Book   |c Children Collection   |e Perbadanan Perpustakaan Awam Johor 
999 |a 0000954097   |b Book   |c Children Collection   |e Perbadanan Perpustakaan Awam Johor 
999 |a 0000954099   |b Book   |c Children Collection   |e Perbadanan Perpustakaan Awam Johor